El Derecho de seguros y de otros negocios vinculados : la empresa de seguros y su control. Tomo 3 /
Guardado en:
| Autor Principal: | |
|---|---|
| Formato: | Libro |
| Idioma: | Spanish |
| Publicado: |
Buenos Aires :
Ábaco de Rodolfo Depalma,
2009.
|
| Edición: | 1a. ed. |
| Materias: | |
| Etiquetas: |
Agregar Etiqueta
Sin Etiquetas, Sea el primero en etiquetar este registro!
|
| LEADER | 00543nam a22001575a 4500 | ||
|---|---|---|---|
| 001 | DER.der014470 | ||
| 008 | 191115s2009####ag############000#0#spa#d | ||
| 005 | 20251203153442.0 | ||
| 245 | 1 | 0 | |a El Derecho de seguros y de otros negocios vinculados : |b la empresa de seguros y su control. |p Tomo 3 / |c Emilio H. Bulló. |
| 250 | |a 1a. ed. | ||
| 260 | |a Buenos Aires : |b Ábaco de Rodolfo Depalma, |c 2009. | ||
| 300 | |a 407 p. | ||
| 020 | |a 9789505692811 | ||
| 100 | 1 | |a Bulló, Emilio H. | |
| 653 | |a DERECHO DE SEGUROS | ||
| 859 | |a DERECHO |b BIB. DERECHO |h 346.086 |i BUL |p 009748 | ||
